00402 2200133 4500245010400000020002200104250001100126100004800137005001900185260003200204041001400236084000900250336000900259 aKamus IPS Bergambar "Perkantoran Dan Komunikasi"cJean-Claude Corbell And Ariane ArachambaulthText a978-602-7528-55-0 aCet. 1 aJean-Claude Corbell And Ariane Arachambault a20240828124338 aJakartabJaqus Fortinc2012 aIndonesia aNONE atext